Language Quiz

Random Language Quiz

Rogue or rouge? Quiz Stats

Quiz not verified by Sporcle

Challenge
Share
Tweet
Embed
Score 0/12 Timer 02:00
0 Plays Today
Question Answer Wrong Answers
A model of Nissan automobile Rogue
86.4%
Rouge
4.5%
Movie: _____ One: A Star Wars Story Rogue
86.4%
Rouge
0%
A character in the X-Men universe Rogue
86.4%
Rouge
0%
A 1980's dungeon-based video game that spawned many variations Rogue
81.8%
Rouge
0%
Broadway show: Moulin _____ Rouge
81.8%
Rogue
13.6%
A cosmetic used to emphasize the cheeks Rouge
77.3%
Rogue
4.5%
The french word for 'red' Rouge
77.3%
Rogue
4.5%
A character class in role-playing games Rogue
72.7%
Rouge
13.6%
A river in Detroit, Michigan Rouge
68.2%
Rogue
13.6%
A river in southern Oregon Rogue
50%
Rouge
40.9%
A one-point score in Canadian football Rouge
40.9%
Rogue
45.5%
A character in the Sonic the Hedgehog universe Rouge
27.3%
Rogue
59.1%

You're not logged in!

Compare scores with friends on all Sporcle quizzes.
Join for Free
OR
Log In

You Might Also Like...

Show Comments

Extras

Created Apr 25, 2017ReportNominate
Tags:confusion, rogue, rouge

Top Quizzes Today


Score Distribution

Your Account Isn't Verified!

In order to create a playlist on Sporcle, you need to verify the email address you used during registration. Go to your Sporcle Settings to finish the process.

Report this User

Report this user for behavior that violates our Community Guidelines.

Details: